| 000 | 00623nam a2200217Ia 4500 | ||
|---|---|---|---|
| 008 | 240619s9999 xx 000 0 und d | ||
| 020 | _a978-99929-0-636-7 | ||
| 035 | _a3540 | ||
| 040 |
_aGS0142000 _bmon _cMN-UlNLM _dMN-UlNLM _erda |
||
| 041 | _amon | ||
| 042 | _a5171 | ||
| 084 |
_2NNA _a-4*81.2 _bА-516 |
||
| 100 | _aАмарсанаа.Л. | ||
| 245 | 0 | _aОхford Англи монгол толь | |
| 264 |
_aУлаанбаатар _bМонсудар _c2006 |
||
| 300 | _a883х. | ||
| 336 |
_2rdacontent _atext _btxt |
||
| 337 |
_2rdamedia _aunmediated _bn |
||
| 338 |
_2rdacarrier _avolume _bnc |
||
| 942 |
_2NNA _cBK |
||
| 999 |
_c898473 _d898530 |
||